000 00702nam a2200289Ia 4500
005 20260324132214.0
008 008 260324s9999 xx 000 0 eng d
020 _a9781315097022
037 _aEBOOK
040 _aCRL
040 _beng
040 _cCRL
041 _2eng
041 _aeng
084 _qCRL
100 _aFrancesJ. Ranney
_91188404
245 0 _aAristotle's Ethics and Legal Rhetoric
245 3 _bAn Analysis of Language Beliefs and the Law
260 _bTaylor and Francis
260 _c2005
365 _a
365 _b255
856 _uhttp://www.taylorfrancis.com/books/9781315097022
942 _cEBOOK
999 _c1786316
_d1786316